000
00314 a2200121 4500
001
ART_17543
005
20260410161750.0
008
260409a
245
1
0
_a
Wikinomics
100
1
_a
Tapscott, Don
700
1
_a
Williamms, Anthony D.
773
0
_t
Book Summary
_g
- NÂș 11 (ene. 2008)
_w
REV4099
999
_c
19596
_d
19596